• 首页
  • 本馆介绍
  • 公告通知
  • 最新文献
  • 馆藏检索
  • 电子资源
  • 读者导购
  • 参考咨询
  • 我的图书馆
  • 登录
  • 详细信息显示
  • 放入我的书架
  • 预约/预借图书
  • 作者相关作品
  • 分类相关作品
  • 丛书相关作品
  • 出版社相关作品

书目信息

  • 表格格式
  • 工作单格式
  • 卡片格式
题名:
实证研究指南
    
 
作者: ;深圳市国泰安信息 编著
分册:  
出版信息: 北京   经济管理出版社  2014.9
页数: 220页
开本: 26cm
丛书名: 国泰安实证研究系列丛书
单 册:
中图分类: G312-62
科图分类:
主题词: 研究方法--Yan Jiu Fang Fa--指南 , 指南--Zhi Nan
电子资源:
ISBN: 978-7-5096-3344-1
000 01557nam0 22002651 450
001 349860
005 20161010091916.73
010    @a978-7-5096-3344-1@dCNY46.00
100    @a20141008d2014 em y0chiy0110 ea
101 0  @achi
102    @aCN@b110000
105    @ay z 000yy
106    @ar
200 1  @a实证研究指南@AShi Zheng Yan Jiu Zhi Nan@f深圳市国泰安信息编著
210    @a北京@c经济管理出版社@d2014.9
215    @a220页@d26cm
225 2  @a国泰安实证研究系列丛书@AGuo Tai An Shi Zheng Yan Jiu Xi Lie Cong Shu
330    @a中国经济社会发生了很多变化,新形势、新问题、新需要,为我国学术研究工作提出了新要求,也为我国研究者提供了更广阔的学术研究空间。本书是针对实证研究的各个角度做了系统研究,本书稿学术水平较高,结构合理,论述严谨,文字流畅。2008年9月,国泰安研究所组织专家学者编写了《实证研究学习园地》,在“提升实证研究水平,加强财经学科建设”方面起到了一定的积极作用,得到了社会各界的好评。时至今日,倏忽间已经过去了5年。期间,中国经济社会发生了很多变化,新形势、新问题、新需要,为我国学术研究工作提出了新要求,也为我国研究者提供了更广阔的学术研究空间。在这5年间,中国学者的实证研究工作也有了很大的变化和提高,实证研究成果的数量和质量均取得了长足的发展。为了更好的适应新形势下的实证研究工作,国泰安研究所再次组织专家学者更新了《实证研究学习园地》,推出新版的《实证研究指南》。
461  0 @12001 @a国泰安实证研究系列丛书
606 0  @a研究方法@AYan Jiu Fang Fa@x指南
606 0  @a指南@AZhi Nan
690    @aG312-62@v5
711 02 @a深圳市国泰安信息@AShen Zhen Shi Guo Tai An Xin Xi@4编著
801  0 @aCN@bTANGWEI@20160802
905    @b0887125-9@dG312-62@e26@f5
    
    实证研究指南/深圳市国泰安信息编著.-北京:经济管理出版社,2014.9
    220页;26cm.-(国泰安实证研究系列丛书)
    
    
    ISBN 978-7-5096-3344-1:CNY46.00
    中国经济社会发生了很多变化,新形势、新问题、新需要,为我国学术研究工作提出了新要求,也为我国研究者提供了更广阔的学术研究空间。本书是针对实证研究的各个角度做了系统研究,本书稿学术水平较高,结构合理,论述严谨,文字流畅。2008年9月,国泰安研究所组织专家学者编写了《实证研究学习园地》,在“提升实证研究水平,加强财经学科建设”方面起到了一定的积极作用,得到了社会各界的好评。时至今日,倏忽间已经过去了5年。期间,中国经济社会发生了很多变化,新形势、新问题、新需要,为我国学术研究工作提出了新要求,也为我国研究者提供了更广阔的学术研究空间。在这5年间,中国学者的实证研究工作也有了很大的变化和提高,实证研究成果的数量和质量均取得了长足的发展。为了更好的适应新形势下的实证研究工作,国泰安研究所再次组织专家学者更新了《实证研究学习园地》,推出新版的《实证研究指南》。
●
相关链接 在E读中查询图书 在五车中查询图书 在当当中查询图书 在豆瓣中查询图书


正题名:实证研究指南     索取号:G312-62/26         预约/预借

序号 登录号 条形码 馆藏地/架位号 状态 备注
1 0887125   208871256   第一样本阅览室/ [索取号:G312-62/26] 在馆    
2 0887126   208871265   第四借阅区/ [索取号:G312-62/26] 在馆    
3 0887127   208871274   第四借阅区/ [索取号:G312-62/26] 在馆    
4 0887128   208871283   第四借阅区/ [索取号:G312-62/26] 在馆    
5 0887129   208871292   第四借阅区/ [索取号:G312-62/26] 在馆    
欢迎您!
大连网信软件有限公司© 版权所有